Gold jewelry and ornaments of Malaysia

Bibliographic Details
Format: Book
Published: Kuala Lumpur : Muzium negara , 1988
Subjects:

MARC

LEADER 00000cam a2200000 7i4500
001 0000019233
005 20080616.0
008 080616
020 |a 9679935027 
090 0 0 |a 391.7074595   |b GOL 
245 1 0 |a Gold jewelry and ornaments of Malaysia 
260 |a Kuala Lumpur :   |b Muzium negara ,   |c 1988 
650 0 |a Decoration and ornament   |z Malaysia 
650 0 |a Dress accesssories   |z Malaysia 
650 0 |a Gold jewelry   |z Malaysia 
650 0 |a Jewelry   |z Malaysia 
999 |a 0001024780   |b Book   |c REFERENCE   |e Perbadanan Perpustakaan Awam Johor